National Assembly Library of Thailand

คำวินิจฉัยคดีรัฐธรรมนูญของศาลรัฐธรรมนูญหรือองค์กรเทียบเท่าของต่างประเทศ เล่มที่ 2 / (ระเบียนเลขที่ 107416)

รายละเอียดในรูปแบบ MARC
000 -LEADER
fixed length control field 01854nam a2200277 4500
003 - CONTROL NUMBER IDENTIFIER
control field NALT
005 - DATE AND TIME OF LATEST TRANSACTION
control field 20251106134103.0
008 - FIXED-LENGTH DATA ELEMENTS--GENERAL INFORMATION
fixed length control field 251029b th ||||| |||| 00| 0 tha d
020 ## - INTERNATIONAL STANDARD BOOK NUMBER
International Standard Book Number 9786168344323
040 ## - CATALOGING SOURCE
Original cataloging agency NALT
090 ## - LOCALLY ASSIGNED LC-TYPE CALL NUMBER (OCLC); LOCAL CALL NUMBER (RLIN)
Classification number (OCLC) (R) ; Classification number, CALL (RLIN) (NR) KD 69
Local cutter number (OCLC) ; Book number/undivided call number, CALL (RLIN) ศ365ค 2568
110 2# - MAIN ENTRY--CORPORATE NAME
Corporate name or jurisdiction name as entry element สำนักงานศาลรัฐธรรมนูญ.
Subordinate unit กองรัฐธรรมนูญต่างประเทศ
9 (RLIN) 65192
245 10 - TITLE STATEMENT
Title คำวินิจฉัยคดีรัฐธรรมนูญของศาลรัฐธรรมนูญหรือองค์กรเทียบเท่าของต่างประเทศ เล่มที่ 2 /
Statement of responsibility, etc. กองรัฐธรรมนูญต่างประเทศ สำนักงานศาลรัฐธรรมนูญ.
250 ## - EDITION STATEMENT
Edition statement พิมพ์ครั้งที่ 1.
260 ## - PUBLICATION, DISTRIBUTION, ETC.
Place of publication, distribution, etc. กรุงเทพฯ :
Name of publisher, distributor, etc. สำนักงานศาลรัฐธรรมนูญ,
Date of publication, distribution, etc. 2568.
300 ## - PHYSICAL DESCRIPTION
Extent 482 หน้า ;
Dimensions 21 ซม.
505 2# - FORMATTED CONTENTS NOTE
Formatted contents note หมวดที่ 1 สิทธิพลเมือง -- หมวดที่ 2 สิทธิทางการเมือง -- หมวดที่ 3 สิทธิทางเศรษฐกิจ -- หมวดที่ 5 สิทธิทางวัฒนธรรม -- หมวดที่ 6 คดีรัฐธรรมนูญอื่น.
650 #4 - SUBJECT ADDED ENTRY--TOPICAL TERM
Topical term or geographic name entry element ศาลรัฐธรรมนูญ
9 (RLIN) 50970
650 #4 - SUBJECT ADDED ENTRY--TOPICAL TERM
Topical term or geographic name entry element กฎหมายรัฐธรรมนูญ
General subdivision การตีความ
9 (RLIN) 65202
653 #4 - INDEX TERM--UNCONTROLLED
Uncontrolled term คำวินิจฉัยศาลรัฐธรรมนูญ
942 ## - ADDED ENTRY ELEMENTS (KOHA)
Source of classification or shelving scheme Local Classification
Koha item type Law Book
996 ## - STAFF PROCESSING RECORDS (NALT)
Staff name jidapa.t
Staff type ACQSTF
Acquisition or Cataloging date 2025-10-29
996 ## - STAFF PROCESSING RECORDS (NALT)
Staff name varee.k
Staff type LIBSTF
Acquisition or Cataloging date 2025-11-04
996 ## - STAFF PROCESSING RECORDS (NALT)
Staff name saiphon.d
Staff type CATSTF
Acquisition or Cataloging date 2025-11-06
998 ## - STAFF NAME (NALT)
-- 104
-- นางสาวสายฝน ดีงาม
รายการที่มีในห้องสมุด
Withdrawn status Lost status Source of classification or shelving scheme Damaged status Not for loan Collection code Home library Current library Shelving location Date acquired Source of acquisition Total Checkouts Full call number Barcode Date last seen Copy number Price effective from Koha item type
    Library of Congress Classification     General Book collection National Assembly Library of Thailand National Assembly Library of Thailand General Book shelves 29/10/2025 หน่วยงานภาครัฐ   KD 69 ศ365ค 2568 ล.2 3961215859 29/10/2025 ฉ.1 29/10/2025 Law Book
    Library of Congress Classification     Law Book collection National Assembly Library of Thailand National Assembly Library of Thailand Law Book shelves 03/11/2025 หน่วยงานภาครัฐ   KD 69 ศ365ค 2568 ล.2 3961215860 03/11/2025 ฉ.2 03/11/2025 Law Book
หอสมุดรัฐสภา
สำนักงานเลขาธิการสภาผู้แทนราษฎร เลขที่ 1111 ถนนสามเสน แขวงถนนนครไชยศรี เขตดุสิต กรุงเทพฯ 10300
The Secretariat of the House of Representatives 1111 Samsen Road, Thanon Nakhon Chai Si, Dusit, Bangkok 10300, THAILAND
โทรศัพท์: +66(0) 2242 5900 ต่อ 5714-5 โทรสาร: +66(0) 2242 5990 อีเมล: [email protected]